=LDR 00000nam 2200000 4500 =001 INLIS000000000011521 =005 20130612103057 =008 ***********************************Ind** =035 ##$$0010-061300000011521 =041 ##$$a Ind =082 ##$$a 701 =090 ##$$a 701, Mur, m =100 ##$$a Mulyono, Buanergis =245 ##$$a Menjadi artis dubbers profesional, di lengkapi dengan teknik olah pokal, beanerga Mulyono =260 ##$$a 1997 $b Jakarta =300 ##$$a VIV, 108 hlm., 17,5 cm =650 ##$$a Kesenian sebagai profesi =850 ##$$a NBPNMAT